000 00713nam a22001697a 4500
003 UA-OsUOA
001 10661
007 ta
008 20050203b un ||||| |||| 00| 0 ukr d
942 _cSA
040 _aUA-OsUOA
_cUA-OsUOA
_dUA-OsUOA
245 _aПро проведення парламентських слухань на тему : "Культурна політика в Україні : пріоритети, принципи та шляхи реалізації" : Постанова Верховної Ради України від 13 січня 2005 р. №2336-IV
300 _aС.11
955 _a0
773 0 _w0
_tГолос України
_dКиїв
_d2005
_gN18/1 лют./
650 7 _2UDC
999 _c296822
_d296822